000 00923nas a2200253Ia 4500
001 R134/97815
003 IT-RoPAU
008 151124c99999999xx |||||||||||| ||und||
040 _aIT-RoPAU
040 _cIT-RoPAU
041 _aINGLESE
100 _aGross Peter
_gCodice Aut. SPICS: 20017
210 _aMEDIA CULTURE & SOCIETY
222 _aMedia Culture & Society
245 _aMEDIA CULTURE & SOCIETY, VOL.13-N.3 (LUGLIO 1991)
_bRomania'S Poor Orphans: Civil And Information Societies
250 _a1a ed.
260 _aLONDON
_bSAGE PUBLICATIONS LTD
_c1991
501 _bPaulus - SPICS - Società San Paolo EM (non-commercial uses only)
_cCopyright2015
300 _a7 p. [407-413]
362 _aVOL.13, N.03 (LUGLIO 1991)
500 _aPoveri Orfani della Romania: Società Civili e D'Informazione. Una Società di Comunicazione Libera.
650 _aCOMUNICAZIONE
_vPUBBLICAZIONE PERIODICA
942 _cCR
999 _c183233
_d183233